01678nam a22003617a 4500003000500000005001700005008004100022010001000063011001000073035001000083040000900093082001600102110006600118245002800184260004000212300000700252505013800259590004100397590004100438590004100479590004200520650004400562700004000606901000700646942001000653949007100663949007100734949007100805999001700876952014100893952014101034952014101175CHAP20220329135904.0971013s1984 r 00010 d a43799 a44771 a48909 cCHAP a972.083bT3 aTabasco. Gobernador,d1982-1986. (González Pedrero)9111285 aInforme de gobierno (2) aVillahermosa :bEl Gobierno,c1984? av. aContenido : v.1 Informe de gobierno .- v.2 Anexos estadísticos acciones terminadas .- v.3 Anexos estadísticos acciones en proceso aBATCH-UPDb10c20130110lUCH01h2205 aBATCH-UPDb10c20130410lUCH01h1510 aBATCH-UPDb10c20130914lUCH01h1701 aCONVERSIONb10c20130109lUCH01h132414aTabascoxPolítica y gobierno.91112830 aGonzález Pedrero, Enrique.949274 aBK cLIBRO a972.083 T3bBCcLIBROd33724000141602eLIBROfv.1h66330i48909si a972.083 T3bBCcLIBROd33724000141669eLIBROfv.2h66331i48909si a972.083 T3bBCcLIBROd33724000141677eLIBROfv.3h66332i48909si c43799d43799 00102ddc4052708GRALaBCbBCcPP_GRALd2019-12-31fLIBROl0o972.083 T3p33724000141602r2019-12-31 00:00:00tv.1w2019-12-31yLIBRO 00102ddc4052708GRALaBCbBCcPP_GRALd2019-12-31fLIBROl0o972.083 T3p33724000141669r2019-12-31 00:00:00tv.2w2019-12-31yLIBRO 00102ddc4052708GRALaBCbBCcPP_GRALd2019-12-31fLIBROl0o972.083 T3p33724000141677r2019-12-31 00:00:00tv.3w2019-12-31yLIBRO